Nos, el Dr. D. José Homobono Anaya, por la gracia de Dios y de la Santa Sede Apostólica, obispo de Chilapa, al M. I. Sr. Arcedián y V. Cabildo, a los señores párrocos y demás eclesiásticos y fieles de nuestra diócesis, salu y paz en Nuestro Señor Jesucristo... Dada en nuestra santa visita de Pilcaya, a los veinticuatro días del mes de junio, fiesta de la Natividad de San Juan Bautista, año del Señor, 1904

Detalles Bibliográficos
Autor principal: Anaya y Gutiérrez, José Homobono, ob. de Chilapa, 1836-1906
Formato: Libro
Lenguaje:Spanish
Publicado: s.l. : s.n., 1904.
Materias:
Colección:Banco de datos
Acervo:Seminario Conciliar de Nuestra Señora de Guadalupe Querétaro. Qro.. Biblioteca Florencio Rosas. Fondo Histórico
Descripción Física:[4] h. ; 21 cm.
Tema general:Cartas pastorales
LEADER 01134nam a22001810004500
035 |a 4192 
041 0 |a spa 
100 1 |a Anaya y Gutiérrez, José Homobono, ob. de Chilapa, 1836-1906 
245 1 0 |a Nos, el Dr. D. José Homobono Anaya, por la gracia de Dios y de la Santa Sede Apostólica, obispo de Chilapa, al M. I. Sr. Arcedián y V. Cabildo, a los señores párrocos y demás eclesiásticos y fieles de nuestra diócesis, salu y paz en Nuestro Señor Jesucristo... Dada en nuestra santa visita de Pilcaya, a los veinticuatro días del mes de junio, fiesta de la Natividad de San Juan Bautista, año del Señor, 1904 
260 |a s.l. : s.n., 1904. 
300 |a [4] h. ; 21 cm.  
501 |a 15 obras 
504 |a Este documento impreso no tiene portada sino una rúbrica o título de partida al comienzo del texto de donde se ha tomado el título, mientras que el año del colofón del texto 
650 1 0 |a Cartas pastorales 
949 |a Fondo Histórico: 10500-M 
942 |c Q.R.H.T 
943 |g Seminario Conciliar de Nuestra Señora de Guadalupe Querétaro. Qro.. Biblioteca Florencio Rosas. Fondo Histórico 
999 |c 1085647  |d 1085647